LEADER 01123nam0-22003131i-450- 001 990005273190403321 005 20160523113133.0 035 $a000527319 035 $aFED01000527319 035 $a(Aleph)000527319FED01 035 $a000527319 100 $a19990604d1976----km-y0itay50------ba 101 0 $aita 105 $ay-------101yy 200 1 $a<>movimento cattolico e la società italiana in cento anni di storia 210 $aRoma$cEdizioni di Storia e letteratura$aVicenza$cIstituto per le ricerche di storia sociale e di storia religiosa$d1976 215 $a318 p.$d26 cm 225 1 $aBiblioteca di storia sociale$v5 300 $aAtti del colloquio sul movimento cattolico. Venezia, 23-25 settembre 1974 610 0 $aCattolici italiani$aSec. 20. 676 $a261.7$v21$zita 712 12$aColloquio sul movimento cattolico italiano$f<1974 ;$eVenezia> 801 0$aIT$bUNINA$gRICA$2UNIMARC 901 $aBK 912 $a990005273190403321 952 $a261.7 CONV VENEZIA 1974$bST.REL. 2076$fFLFBC 952 $a261.7 CONV VENEZIA 1974 (BIS)$bBibl.31395$fFLFBC 959 $aFLFBC 997 $aUNINA